LEADER 01128nam a2200265 4500 001 000000361861 003 CaOOAMICUS 005 20250227124359.0 008 250226s2007 it 000 u ita r 020 $a88-17-01526-1 040 $aSeMil$bita 100 1 $aAndreoli, Vittorino,$d<1940- >.$0(OLS)http://semarc/name/3255 245 13$aLa vita digitale /$cVittorino Andreoli. 264 1$aMilano :$bRizzoli,$c2007. 300 $a219 p. ;$c19 cm 650 4$aProgresso tecnico - Effetti sociali.$0(OLS)http://semarc/subject/13223 650 4$aTelefoni cellulari - Diffusione - Aspetti socio-culturali.$0(OLS)http://semarc/subject/57234 650 4$aTecnologia - Aspetti socio culturali.$0(OLS)http://semarc/subject/14143 850 $aSeMil 852 $aSeMil$W1$xVenegono$y1$m2O II 549$j254788$B252803$CSeMilBibl$Z2$F252803 $81 961 $aBuzzi mons. Franco - Omaggio 996 $6020$a88-17-01526-1$9(OLS)http://semarc/number/302577 996 $6245$aLa vita digitale$9(OLS)http://semarc/title/452675 996 $6264$aMilano :$bRizzoli$9(OLS)http://semarc/publisher/29824 LEADER 01173nam a2200265 i 4500 001 000000189654 003 CaOOAMICUS 005 20251107110055.0 008 100513s1951 it u000 u ita u 013 $a167930 040 $aSeMil$bita 100 1 $aHophan, Otto,$c.$0(OLS)http://semarc/name/21296 245 13$aIl lieto messaggio :$bvita e dottrina di Nostro Signore /$cOtto Hophan ; traduzione dal tedesco di mons. Gioachino Scattolon. 250 $a3. ed. riveduta. 260 $aTorino :$bMarietti,$c1951. 260 $aRoma :$bFiglie della Chiesa,$c1951. 300 $a403 p., [10] c. di tav. :$bill. ;$c25 cm. 600 04$aGesł Cristo.$0(OLS)http://semarc/subject/712 700 1 $aScattolon, Gioachino .$0(OLS)http://semarc/name/21297 850 $aSeMil 852 $aSeMil$W1$xVenegono$y1$m2X V 160$j140285$B140285$CSeMilBibl$Z2$F151904 $81 996 $6245$aIl lieto messaggio :$bvita e dottrina di Nostro Signore$9(OLS)http://semarc/title/273076 996 $6260$aRoma :$bFiglie della Chiesa$9(OLS)http://semarc/publisher/30075 996 $6260$aTorino :$bMarietti$9(OLS)http://semarc/publisher/29916 LEADER 00947nam a2200253 i 4500 001 000000087148 003 CaOOAMICUS 005 20250625170748.0 008 180830s1981 xx u000 u und u 013 $a59388 020 $a88-452- 040 $aSeMil$bita 100 1 $aMorselli, Guido <1912-1973>.$0(OLS)http://semarc/name/39580 245 10$aRoma senza papa. Cronache romane di fine secolo ventesimo. 260 $aMilano :$bBompiani,$c1981. 300 $a184 p. 490 0 $aTascabili Bompiani 830 0$aTascabili Bompiani.$0(OLS)http://semarc/title/7395 850 $aSeMil 852 $aSeMil$W1$xVenegono$y1$m86 10 227 *$j50717$B50717$CSeMilBibl$Z2$F54747 $81 996 $6020$a88-452-$9(OLS)http://semarc/number/67233 996 $6245$aRoma senza papa. Cronache romane di fine secolo ventesimo$9(OLS)http://semarc/title/133270 996 $6260$aMilano :$bBompiani$9(OLS)http://semarc/publisher/29706